000 05302cam a2200361 i 4500
001 768714001
003 CO-MdFUSB
005 20220411122713.0
007 ta
008 181203t2018 miu b 011 0 eng c
020 _a9780310535058
040 _aNcWfSB/DLC
_beng
_cCO-MdFUSB
_erda
_dDLC
041 _aeng
082 0 0 _a230.0411
_223
_bIN61
245 _aInterpreting the Old Testament theologically
_c/ editado por Andrew T. Abernethy
264 1 _aGrand Rapids, Michigan :
_bZondervan,
_c[2018]
264 4 _c© 2018
300 _a343 paginas ;
_c24 cm
336 _atexto
_2rdacontent
_btxt
337 _asin mediación
_2rdamedia
_bn
338 _avolumen
_2rdacarrier
_bnc
500 _aEnsayo en honoer a Willem A. VanGemeren
504 _aIncluye referencias bibliográficas e índices.
505 _aSección uno. Testimonio teológico recogido a través de prácticas interpretativas. Contexto original y canon / John Monson -- Género y visión teológica / Andrew T. Abernethy --Dimensiones teológicas dentro de los libros bíblicos: "¿Cuál es el mensaje del SEÑOR?" / Richard Shultz -- El canon tripartito del Antiguo Testamento y la teología de la palabra profética / Stephen Dempster -- El Antiguo Testamento como parte de un testimonio de dos testamentos de Cristo / Daniel C. Timmer -- La interpretación teológica como oficio tradicional / Stephen B. Chapman -- Sección dos. Testimonio teológico en libros específicos del Antiguo Testamento. El contexto pagano del llamado de Abram y la misión de la Iglesia / Carol M. Kaminski -- Lectura teológica de la ley ritual en Levítico / Richard E. Averbeck -- El primer principio de sabiduría en Deuteronomio: el temor de YHWH como lealtad solo a YHWH / Daniel I. Block -- Poniendo la mesa para Cristo en las narraciones de Eliseo en 1 y 2 Reyes / Lissa M. Wray Beal -- Una interpretación teológica de los pasajes de Ciro en Isaías / Bo H. Lim -- La presencia y ausencia de Dios en Jeremías / James K. Hoffmeier -- Expectativas mesiánicas en Zacarías e interpretación teológica / Antonio R. Petterson -- Salmo 8: una perspectiva cristológica / Mark Futato -- La oración de Daniel (2:20-23) en las escrituras de los dos testamentos / Ron Haydon -- Sección Tercera. Testimonio teológico en medio de la comunidad. La ética en las teologías del Antiguo Testamento: significado teológico y relevancia moderna / M. Daniel Carroll R. -- "Vivan vidas tan buenas entre las naciones...": el impacto misional de la ética del Antiguo Testamento en el Nuevo Testamento / Christopher JH Wright -- La familia en el Antiguo Testamento como modelo teológico para la comunidad del pacto / Richard S. Hess -- Trayectorias tipológicas en la Epístola a los Hebreos / Dana M. Harris -- ¿ Hacia una teología teológica del Antiguo Testamento? La interpretación de un teólogo sistemático sobre la lectura teológica del Antiguo Testamento / Kevin J. Vanhoozer -- ¡Pero es poesía! Reflexión de un pastor sobre la relevancia de la poesía del Antiguo Testamento / Gregory Waybright.
520 _a¿Cómo deben los cristianos leer el Antiguo Testamento hoy? Las respuestas a esta pregunta gravitan entre dos polos. Por un lado, algunos prestan poca atención a la brecha entre el Antiguo Testamento y la actualidad, leyendo el Antiguo Testamento como una alegoría devocional que apunta al cristiano directamente a Jesús. Por otro lado, hay gente que prioriza el contexto original de un pasaje del Antiguo Testamento hasta tal punto que esde ninguna manera está claro si y cómo un texto dado del Antiguo Testamento podría dar testimonio de Cristo y dirigirse a la iglesia. Este volumen es un tributo a Willem A. VanGemeren, un erudito eclesial que operó en medio de la tensión entre la comprensión de los textos en su contexto original y su testimonio teológico de Cristo y la iglesia. Los colaboradores de este volumen comparten la convicción de que los cristianos deben leer el Antiguo Testamento con una preocupación teológica sobre cómo da testimonio de Cristo y nutre a la iglesia, sin socavar los principios básicos de la exégesis. Dos preguntas impulsan estos ensayos, ya que abordan el tema de la lectura teológica del Antiguo Testamento. cristología. Si el Antiguo Testamento da testimonio de Cristo, ¿cómo pasamos de un texto, tema o libro del Antiguo Testamento a Cristo? eclesiología. Si el Antiguo Testamento está destinado a nutrir a la iglesia, ¿Cómo se dirigen las escrituras dadas originalmente a Israel a la iglesia de hoy? El volumen se desarrolla considerando primero los hábitos exegéticos que son esenciales para interpretar teológicamente el Antiguo Testamento. Luego, varios ensayos luchan con la forma en que se pueden leer teológicamente temas de libros selectos del Antiguo Testamento. Finalmente, concluye abordando varias cuestiones comunitarias que surgen al leer teológicamente el Antiguo Testamento.
563 _aRústico
630 7 _aBiblia.
_pAntiguo Testamento
_xTeología
700 1 _aAbernethy, Andrew T.,
_eeditor.
776 0 8 _iOnline version:
_tInterpreting the Old Testament theologically
_dGrand Rapids, Michigan : Zondervan, [2018]
_z9780310535065
_w(DLC) 2019000416
942 _cBK
945 _aJTF-925
999 _c67578
_d67578